000 00250nam a2200109Ia 4500
008 231212s2005 xx 000 0 und d
041 _aeng
082 _a626.381
100 _aPatel B.M.
245 _aEngg. Mathematics
260 _aPune
_bNirali
_c2005
999 _c965501
_d965501